Nguồn lợi sinh vật biển Đông
Khái quát về tiềm năng sinh vật của biển Đông nước ta, thiên nhiên bờ biển nước ta. Các nguồn lợi sinh vật biển Đông, sử dụng và bảo vệ nguồn lợi biển.
Na minha lista:
| Autor principal: | |
|---|---|
| Formato: | Livro |
| Idioma: | Undetermined |
| Publicado em: |
Hà Nội
Khoa học và Kỹ thuật
1979
|
| Assuntos: | |
| Tags: |
Adicionar Tag
Sem tags, seja o primeiro a adicionar uma tag!
|
| Thư viện lưu trữ: | Trung tâm Học liệu Trường Đại học Cần Thơ |
|---|
| LEADER | 00894nam a2200217Ia 4500 | ||
|---|---|---|---|
| 001 | CTU_5397 | ||
| 008 | 210402s9999 xx 000 0 und d | ||
| 082 | |a 333.950916 | ||
| 082 | |b T161 | ||
| 100 | |a Vũ, Trung Tạng | ||
| 245 | 0 | |a Nguồn lợi sinh vật biển Đông | |
| 245 | 0 | |c Vũ Trung Tạng | |
| 260 | |a Hà Nội | ||
| 260 | |b Khoa học và Kỹ thuật | ||
| 260 | |c 1979 | ||
| 520 | |a Khái quát về tiềm năng sinh vật của biển Đông nước ta, thiên nhiên bờ biển nước ta. Các nguồn lợi sinh vật biển Đông, sử dụng và bảo vệ nguồn lợi biển. | ||
| 650 | |a Economic geography,Marine resources,Vietnam | ||
| 650 | |x Natural resources | ||
| 650 | |z North vietnam | ||
| 904 | |i Nguyễn Quang Điền | ||
| 980 | |a Trung tâm Học liệu Trường Đại học Cần Thơ | ||